Исследование кристаллической структуры катализатора в процессе углекислотной конверсии метана на интерметаллидах никеля, модифицированных переходными металлами; Проблемы геологии и освоения недр; Т. 2

Бібліографічні деталі
Parent link:Проблемы геологии и освоения недр: труды XVI Международного симпозиума имени академика М. А. Усова студентов и молодых ученых, Томск, 2-7 апреля 2012 г./ Национальный исследовательский Томский политехнический университет (ТПУ), Институт природных ресурсов (ИПР) ; Общество инженеров-нефтяников, Студенческий чаптер ; под ред. О. Г. Савичева.— , 2012
Т. 2.— 2012.— [С. 185-187]
Автор: Пахнутов О.В.
Інші автори: Аркатова Л. А. (научный руководитель), Ерофеев В. И. Владимир Иванович
Резюме:Заглавие с титульного листа
Мова:Російська
Опубліковано: 2012
Серія:Современные технологии подготовки освоения и переработки минерального и углеводородного сырья
Предмети:
Онлайн доступ:http://www.lib.tpu.ru/fulltext/c/2012/C11/V2/073.pdf
Формат: MixedMaterials Електронний ресурс Частина з книги
KOHA link:https://koha.lib.tpu.ru/cgi-bin/koha/opac-detail.pl?biblionumber=233060

MARC

LEADER 00000naa2a2200000 4500
001 233060
005 20251204134732.0
035 |a (RuTPU)RU\TPU\book\254125 
035 |a RU\TPU\book\254098 
090 |a 233060 
100 |a 20130226d2012 k y0rusy50 ca 
101 0 |a rus 
102 |a RU 
135 |a drcn ---uucaa 
181 0 |a i  
182 0 |a b 
200 1 |a Исследование кристаллической структуры катализатора в процессе углекислотной конверсии метана на интерметаллидах никеля, модифицированных переходными металлами  |f О.В. Пахнутов  |g науч. рук. Л. А. Аркатова ; В. И. Ерофеев 
203 |a Текст  |c электронный 
215 |a 1 файл (547 Кб) 
225 1 |a Современные технологии подготовки освоения и переработки минерального и углеводородного сырья 
300 |a Заглавие с титульного листа 
320 |a [Библиогр.: с. 187 (3 назв.)] 
337 |a Adobe Reader 
461 1 |0 (RuTPU)RU\TPU\book\252494  |t Проблемы геологии и освоения недр  |o труды XVI Международного симпозиума имени академика М. А. Усова студентов и молодых ученых, Томск, 2-7 апреля 2012 г.  |o в 2 т.  |f Национальный исследовательский Томский политехнический университет (ТПУ), Институт природных ресурсов (ИПР) ; Общество инженеров-нефтяников, Студенческий чаптер ; под ред. О. Г. Савичева  |d 2012 
463 1 |0 (RuTPU)RU\TPU\book\252518  |t Т. 2  |v [С. 185-187]  |d 2012 
610 1 |a труды учёных ТПУ 
610 1 |a электронный ресурс 
610 1 |a кристаллическая структура 
610 1 |a катализаторы 
610 1 |a углекислотная конверсия 
610 1 |a метан 
610 1 |a интерметаллиды 
610 1 |a никель 
610 1 |a переходные металлы 
700 1 |a Пахнутов  |b О.В. 
702 1 |a Аркатова  |b Л. А.  |4 727 
702 1 |a Ерофеев  |b В. И.  |c российский геолог  |c профессор Томского политехнического университета  |g Владимир Иванович  |4 727 
801 1 |a RU  |b 63413507  |c 20130205 
801 2 |a RU  |b 63413507  |c 20130226  |g RCR 
856 4 |u http://www.lib.tpu.ru/fulltext/c/2012/C11/V2/073.pdf 
942 |c CF